Recent advances in arts,science and social sciences/ (Record no. 191226)

MARC details
000 -LEADER
fixed length control field 00638nam a2200181 4500
005 - DATE AND TIME OF LATEST TRANSACTION
control field 20220823125815.0
010 ## - LCCN (DPL NO)
LC control number ENG-134563
020 ## - INTERNATIONAL STANDARD BOOK NUMBER
Terms of availability 500.00
International Standard Book Number 9788195174638
035 ## - SYSTEM CONTROL NUMBER
System control number EN-118095
037 ## - SOURCE OF ACQUISITION
Source of stock number/acquisition DBAD/PUB
082 ## - DEWEY DECIMAL CLASSIFICATION NUMBER
Classification number 335.5
245 ## - TITLE STATEMENT
Title Recent advances in arts,science and social sciences/
Statement of responsibility, etc K.Muthuchelian
260 ## - PUBLICATION, DISTRIBUTION, ETC. (IMPRINT)
Place of publication, distribution, etc Tamil Nadu
Name of publisher, distributor, etc Virudhunagar Hindu Nadars' Senthikumara Nadar College
Date of publication, distribution, etc 2021
270 ## - ADDRESS
Address 3/151-1,College Road,Virudhunagar
City Tamil Nadu
Postal code 626001
Telephone number (04562) 280154
Electronic mail address support@vhnsnc.edu.in
300 ## - PHYSICAL DESCRIPTION
Extent 132p.
Dimensions 25cm(pbk)
700 ## - ADDED ENTRY--PERSONAL NAME
Personal name Muthuchelian, K.
Relator term Editor
942 ## - ADDED ENTRY ELEMENTS (KOHA)
Source of classification or shelving scheme Dewey Decimal Classification
Item type English Books
Classification part 335.5
Call number suffix REC
Holdings
Withdrawn status Lost status Not for loan Collection code Home library Current library Date acquired Source of acquisition Cost, normal purchase price Full call number Barcode Copy number Cost, replacement price Koha item type
      Non-fiction Ashok Vihar Ashok Vihar 23/08/2022 DBAD/PUB 500.00 335.5 REC EN-118095 1 500.00 English Books

© Delhi Public Library
Hit Counter
free hit counter